[Event "Montcalm 3 2020-21 Online"]
[Site "Quebec CAN"]
[Date "2021.03.11"]
[Round "5"]
[White "Dumont, Eric"]
[Black "Sauve, Richard"]
[Result "0-1"]
[WhiteElo "1760"]
[BlackElo "1921"]
[PlyCount "92"]
[EventDate "2021.02.11"]
[EventType "tourn"]
[EventRounds "5"]
[EventCountry "CAN"]

1. d4 d5 2. Bf4 Nf6 3. e3 c5 4. c3 Nc6 5. Nd2 Qb6 6. Qb3 c4 7. Qc2 g6 8. Ngf3
Bf5 9. Qc1 Nh5 10. Bg3 Bg7 11. Be2 Nxg3 12. hxg3 e5 13. e4 Bxe4 14. Nxe4 dxe4
15. Nxe5 Bxe5 16. dxe5 Nxe5 17. Rh4 f5 18. Rb1 O-O-O 19. b3 Nd3+ 20. Bxd3 cxd3
21. Rb2 Rd7 22. Qe3 Qf6 23. Qd2 Re8 24. Kf1 Qe5 25. Kg1 Rc7 26. c4 Rce7 27. Rb1
h5 28. c5 Rd8 29. b4 e3 30. fxe3 Qxe3+ 31. Qxe3 Rxe3 32. Kf1 d2 33. Kf2 Ra3 34.
Rd1 Rxa2 35. Ke2 Rd5 36. Rc4 Kc7 37. b5 Rb2 38. b6+ axb6 39. cxb6+ Kxb6 40. Rc8
Rd6 41. Rg8 Ka5 42. Rg7 b5 43. Rc7 b4 44. Rb7 Ka4 45. Ra1+ Kb3 46. Kd1 Re6 0-1

[Event "Montcalm 3 2020-21 Online"]
[Site "Quebec CAN"]
[Date "2021.03.11"]
[Round "5"]
[White "Fecteau, Martin"]
[Black "Bolduc, Steve"]
[Result "0-1"]
[WhiteElo "1845"]
[BlackElo "2237"]
[PlyCount "64"]
[EventDate "2021.02.11"]
[EventType "tourn"]
[EventRounds "5"]
[EventCountry "CAN"]

1. c4 e5 2. Nc3 Nf6 3. g3 Nc6 4. Bg2 Bc5 5. e3 d6 6. Nge2 a6 7. d4 Ba7 8. O-O
O-O 9. a3 Bf5 10. b4 Qd7 11. d5 Ne7 12. e4 Bg4 13. Qd3 c6 14. Be3 cxd5 15. cxd5
Bxe3 16. Qxe3 Bxe2 17. Qxe2 Rfc8 18. Rfc1 Rc7 19. Qf1 Ne8 20. Bh3 f5 21. exf5
Nf6 22. Qd1 Rac8 23. Qb3 Nxf5 24. Qb2 g6 25. Bg2 Nd4 26. Kh1 Qf5 27. Nd1 Rc2
28. Rxc2 Rxc2 29. Qb1 Ng4 30. h3 Nxf2+ 31. Nxf2 Qxf2 32. Qf1 Qxg3 0-1

[Event "Montcalm 3 2020-21 Online"]
[Site "Quebec CAN"]
[Date "2021.03.11"]
[Round "5"]
[White "Hines, Jason"]
[Black "Auger, Bertrand"]
[Result "0-1"]
[WhiteElo "1626"]
[BlackElo "1907"]
[PlyCount "78"]
[EventDate "2021.02.11"]
[EventType "tourn"]
[EventRounds "5"]
[EventCountry "CAN"]

1. e4 e6 2. d4 d5 3. Nd2 dxe4 4. Nxe4 Bd7 5. Nf3 Bc6 6. Bd3 Nd7 7. O-O Ngf6 8.
Nxf6+ Qxf6 9. Bg5 Bxf3 10. Bxf6 Bxd1 11. Bh4 Bh5 12. Rfe1 Bg6 13. Bb5 c6 14.
Ba4 Nb6 15. Bb3 Bd6 16. c4 Bb4 17. Re3 O-O 18. a3 Bd2 19. Re2 Bf4 20. Be7 Rfe8
21. Bb4 Bd3 22. Ree1 Bxc4 23. Bc2 Nd5 24. Re4 Nxb4 25. axb4 Bd6 26. Rh4 g6 27.
Rc1 Bd5 28. b5 cxb5 29. Re1 f5 30. Re3 Rac8 31. Re2 Be4 32. Bd1 Rc1 33. Re1 Bb4
34. Rf1 Rec8 35. d5 exd5 36. f3 Bc5+ 37. Kh1 Bd3 38. Be2 Rxf1+ 39. Bxf1 Bf2 0-1

[Event "Montcalm 3 2020-21 Online"]
[Site "Quebec CAN"]
[Date "2021.03.11"]
[Round "5"]
[White "Oliver, Vance"]
[Black "Servant, Michel"]
[Result "0-1"]
[WhiteElo "1674"]
[BlackElo "1661"]
[PlyCount "78"]
[EventDate "2021.02.11"]
[EventType "tourn"]
[EventRounds "5"]
[EventCountry "CAN"]

1. Nf3 d5 2. g3 c6 3. Bg2 Nf6 4. d3 Bf5 5. Nbd2 e6 6. O-O Nbd7 7. c4 Bd6 8.
cxd5 cxd5 9. Nh4 Bg6 10. e4 dxe4 11. Nxe4 Bxe4 12. dxe4 Be5 13. Qe2 O-O 14. Be3
Rc8 15. Rfd1 Qa5 16. f4 Bb8 17. a3 Rfd8 18. Rd2 Nb6 19. Rad1 Rxd2 20. Bxd2 Qa4
21. Bc3 Ne8 22. e5 Nd5 23. Bxd5 exd5 24. Nf5 Rd8 25. Rxd5 Rxd5 26. Ne7+ Kh8 27.
Nxd5 a5 28. Kg2 Qb3 29. Qd2 a4 30. f5 Qc4 31. Kh3 Qf1+ 32. Kg4 h5+ 33. Kh4 Qxf5
34. Qg5 Qxg5+ 35. Kxg5 g6 36. e6+ Kg8 37. exf7+ Kxf7 38. Nb6 Nd6 39. Nxa4 Ne4+
0-1

[Event "Montcalm 4 2020-21 Online"]
[Site "Quebec CAN"]
[Date "2021.03.18"]
[Round "1"]
[White "Auger, Bertrand"]
[Black "Oliver, Vance"]
[Result "1-0"]
[WhiteElo "1909"]
[BlackElo "1650"]
[PlyCount "101"]
[EventDate "2021.03.18"]
[EventType "swiss"]
[EventRounds "5"]
[EventCountry "CAN"]

1. Nf3 d5 2. g3 Nf6 3. Bg2 e6 4. c4 c6 5. d4 Nbd7 6. O-O Bd6 7. Qc2 O-O 8. Nc3
Bc7 9. b3 b6 10. e4 dxe4 11. Ng5 h6 12. Ngxe4 Bb7 13. Ba3 Re8 14. Nd6 Bxd6 15.
Bxd6 Nf8 16. Be5 Ng4 17. Rad1 Nxe5 18. dxe5 Qg5 19. f4 Qe7 20. Rd6 Rad8 21.
Rfd1 Rxd6 22. Rxd6 Qc7 23. Qd3 a6 24. Na4 Kh8 25. c5 bxc5 26. Nxc5 Qb6 27. Qd4
Ba8 28. Nxe6 Qxd4+ 29. Nxd4 c5 30. Nf3 Ne6 31. Rxa6 Nc7 32. Ra5 Ne6 33. Kf2 g6
34. Bf1 Rd8 35. Bc4 Bd5 36. Nd2 Kg7 37. Bxd5 Rxd5 38. Ne4 g5 39. Ke3 Kg6 40. b4
Rd1 41. Nxc5 Nxc5 42. Rxc5 gxf4+ 43. gxf4 Re1+ 44. Kf3 Rf1+ 45. Kg3 Rg1+ 46.
Kf2 Rg4 47. Rc6+ Kg7 48. Rc4 Kg6 49. b5 Kf5 50. b6 Rg8 51. a4 1-0

[Event "Montcalm 4 2020-21 Online"]
[Site "Quebec CAN"]
[Date "2021.03.18"]
[Round "1"]
[White "Bolduc, Steve"]
[Black "Genest, Dominic"]
[Result "1-0"]
[WhiteElo "2225"]
[BlackElo "1785"]
[PlyCount "69"]
[EventDate "2021.03.18"]
[EventType "swiss"]
[EventRounds "5"]
[EventCountry "CAN"]

1. d4 d5 2. c4 e6 3. Nc3 Nf6 4. cxd5 exd5 5. Bg5 Nbd7 6. e3 c6 7. Bd3 Be7 8.
Qc2 h6 9. Bh4 O-O 10. Nf3 Re8 11. O-O Ne4 12. Bxe7 Qxe7 13. Rae1 Ndf6 14. Ne5
Nd6 15. f3 Be6 16. e4 Qc7 17. Kh1 Qb6 18. Qf2 Re7 19. Bb1 Rae8 20. Nd3 Nb5 21.
Nxb5 Qxb5 22. e5 Nd7 23. Nf4 b6 24. Nh5 Kh8 25. f4 f5 26. exf6 Nxf6 27. Nxf6
gxf6 28. Qh4 Qxb2 29. Qxh6+ Kg8 30. Qg6+ Kf8 31. Qxf6+ Rf7 32. Qh8+ Ke7 33.
Rxe6+ Kxe6 34. Qxe8+ Kf6 35. Qe5# 1-0

[Event "Montcalm 4 2020-21 Online"]
[Site "Quebec CAN"]
[Date "2021.03.18"]
[Round "1"]
[White "Labrecque, Rejean"]
[Black "Marquis, Paul"]
[Result "0-1"]
[WhiteElo "1773"]
[BlackElo "1946"]
[PlyCount "98"]
[EventDate "2021.03.18"]
[EventType "swiss"]
[EventRounds "5"]
[EventCountry "CAN"]

1. d4 Nf6 2. c4 g6 3. Nc3 Bg7 4. e4 d6 5. Be2 O-O 6. Nf3 e5 7. dxe5 dxe5 8.
Qxd8 Rxd8 9. Bg5 Re8 10. Nd5 Nxd5 11. cxd5 c6 12. Rd1 h6 13. Be3 cxd5 14. exd5
f5 15. Bc5 Nd7 16. Ba3 a6 17. Bc4 b5 18. Bb3 a5 19. d6+ Kh7 20. Bd5 Ra6 21. b3
b4 22. Bc1 e4 23. Nh4 Ne5 24. Bc4 Nd3+ 25. Bxd3 exd3+ 26. Kf1 Rxd6 27. Nf3 Ba6
28. Nd2 Bc3 29. h4 Re2 30. Rh3 Bd4 31. Rf3 Bb7 32. Rf4 Ba6 33. a3 Bc3 34. axb4
axb4 35. h5 Rc6 36. hxg6+ Kxg6 37. g4 fxg4 38. Rxg4+ Kf5 39. Rh4 Kg6 40. Nf3 h5
41. Bd2 Rf6 42. Bxc3 bxc3 43. Ra1 d2 44. Rha4 Re1+ 45. Kg2 d1=Q 46. Nxe1 Qd5+
47. f3 Bb7 48. Ra5 Qd2+ 49. Kg3 Bxf3 0-1

[Event "Montcalm 4 2020-21 Online"]
[Site "Quebec CAN"]
[Date "2021.03.18"]
[Round "1"]
[White "Sauve, Richard"]
[Black "Dumont, Eric"]
[Result "1-0"]
[WhiteElo "1935"]
[BlackElo "1760"]
[PlyCount "45"]
[EventDate "2021.03.18"]
[EventType "swiss"]
[EventRounds "5"]
[EventCountry "CAN"]

1. d4 d5 2. c4 c6 3. Nc3 Nf6 4. Nf3 g6 5. Bf4 Bg7 6. e3 Nbd7 7. h3 O-O 8. Bd3
dxc4 9. Bxc4 Nb6 10. Bb3 Nbd5 11. Bg3 Qa5 12. Rc1 Ne4 13. Bxd5 cxd5 14. Bc7 b6
15. Qb3 Bb7 16. O-O Rac8 17. Nxe4 dxe4 18. Ne5 Qd5 19. Qa3 Rfe8 20. Qxa7 Ra8
21. Qxb6 Ra6 22. Qc5 Qxa2 23. Qb5 1-0

[Event "Montcalm 4 2020-21 Online"]
[Site "Quebec CAN"]
[Date "2021.03.18"]
[Round "1"]
[White "Servant, Michel"]
[Black "Fecteau, Martin"]
[Result "0-1"]
[WhiteElo "1676"]
[BlackElo "1929"]
[PlyCount "90"]
[EventDate "2021.03.18"]
[EventType "swiss"]
[EventRounds "5"]
[EventCountry "CAN"]

1. c4 e5 2. Nc3 Nf6 3. g3 d5 4. cxd5 Nxd5 5. Bg2 Nb6 6. Nf3 Nc6 7. d3 Be7 8.
O-O O-O 9. a3 Be6 10. b4 f6 11. Bb2 Qd7 12. Rc1 a6 13. Ne4 Nd5 14. Nc5 Bxc5 15.
Rxc5 Nce7 16. e4 Nb6 17. Qc2 Rac8 18. d4 Na4 19. Ra5 Nxb2 20. Qxb2 Bc4 21. dxe5
Bxf1 22. Bxf1 Qc6 23. exf6 Qxf6 24. Bc4+ Kh8 25. Ne5 Nc6 26. f4 Nxe5 27. Rxe5
Rcd8 28. Qc2 Rd6 29. Rf5 Qd8 30. Rxf8+ Qxf8 31. e5 Rd8 32. e6 Qf6 33. Kg2 g6
34. Bb3 c6 35. Kh3 Kg7 36. Qc4 h5 37. Qe4 Re8 38. Qe5 Re7 39. Qxf6+ Kxf6 40.
Kh4 Re8 41. h3 Rd8 42. g4 hxg4 43. hxg4 Rd3 44. Bc2 Re3 45. f5 g5+ 0-1

[Event "Montcalm 4 2020-21 Online"]
[Site "Quebec CAN"]
[Date "2021.03.25"]
[Round "2"]
[White "Dumont, Eric"]
[Black "Oliver, Vance"]
[Result "1-0"]
[WhiteElo "1760"]
[BlackElo "1650"]
[PlyCount "55"]
[EventDate "2021.03.18"]
[EventType "swiss"]
[EventRounds "5"]
[EventCountry "CAN"]

1. d4 Nf6 2. Bf4 d5 3. e3 e6 4. Nd2 Bd6 5. Bg3 O-O 6. Ngf3 b6 7. Ne5 Bb7 8. Bd3
Nbd7 9. f4 Ne4 10. Ndf3 f6 11. Ng4 c5 12. c3 Qe8 13. Bb5 a6 14. Bd3 cxd4 15.
exd4 Qh5 16. Nf2 e5 17. dxe5 Nxf2 18. Bxf2 fxe5 19. Nxe5 Qxd1+ 20. Rxd1 Nxe5
21. fxe5 Rae8 22. O-O Rxe5 23. Bxb6 Rxf1+ 24. Rxf1 Rh5 25. h3 Rg5 26. Bd4 Bc8
27. Rf3 Bg3 28. Bc5 1-0

[Event "Montcalm 4 2020-21 Online"]
[Site "Quebec CAN"]
[Date "2021.03.25"]
[Round "2"]
[White "Genest, Dominic"]
[Black "Auger, Bertrand"]
[Result "1-0"]
[WhiteElo "1785"]
[BlackElo "1909"]
[PlyCount "123"]
[EventDate "2021.03.18"]
[EventType "swiss"]
[EventRounds "5"]
[EventCountry "CAN"]

1. c4 f5 2. g3 Nf6 3. Bg2 g6 4. Nc3 Bg7 5. d3 O-O 6. e4 fxe4 7. dxe4 d6 8. Nge2
Nbd7 9. O-O c6 10. Rb1 Ne5 11. b3 Be6 12. Bb2 Nh5 13. Nd4 Bg4 14. f3 Bd7 15.
Nc2 Qb6+ 16. Kh1 Rf7 17. Na4 Qc7 18. Ne3 Qc8 19. f4 Ng4 20. Nxg4 Bxg4 21. Bf3
Bxf3+ 22. Rxf3 Qg4 23. c5 Raf8 24. cxd6 exd6 25. Rd3 Qe6 26. Qe2 Nf6 27. Nc3
Re8 28. Re1 Rfe7 29. Red1 Nxe4 30. Qxe4 Qxe4+ 31. Nxe4 Bxb2 32. Nxd6 Re1+ 33.
Rxe1 Rxe1+ 34. Kg2 Re7 35. Nc4 Bf6 36. Kf3 Kf7 37. Nd6+ Ke6 38. Ne4 Bb2 39. Re3
Bd4 40. Ng5+ Kd7 41. Rxe7+ Kxe7 42. Nxh7 c5 43. Ke4 Bg1 44. h3 Bf2 45. g4 b6
46. Ng5 Kf6 47. Nf3 b5 48. Ne5 a5 49. f5 gxf5+ 50. gxf5 Bd4 51. Nd3 Kg5 52. Kd5
Kxf5 53. Nxc5 Bc3 54. Ne4 b4 55. Nd6+ Kf4 56. Nb7 Ke3 57. Nxa5 Kd3 58. Nc6 Kc2
59. Kc4 Kb2 60. Nxb4 Ka3 61. Nc2+ Kb2 62. Nd4 1-0

[Event "Montcalm 4 2020-21 Online"]
[Site "Quebec CAN"]
[Date "2021.03.25"]
[Round "2"]
[White "Marquis, Paul"]
[Black "Fecteau, Martin"]
[Result "0-1"]
[WhiteElo "1946"]
[BlackElo "1929"]
[PlyCount "136"]
[EventDate "2021.03.18"]
[EventType "swiss"]
[EventRounds "5"]
[EventCountry "CAN"]

1. c4 e5 2. Nc3 Nf6 3. Nf3 Nc6 4. g3 Bc5 5. Bg2 O-O 6. O-O a6 7. d3 h6 8. a3 d6
9. b4 Ba7 10. h3 Re8 11. Nd2 Ne7 12. e3 c6 13. Bb2 Bf5 14. Qe2 Qd7 15. Kh2 Rad8
16. Nce4 Nxe4 17. dxe4 Bh7 18. Rfd1 Qc7 19. Rac1 c5 20. Nb3 Nc6 21. Bc3 b6 22.
b5 Nb8 23. a4 a5 24. Rd3 Nd7 25. Rcd1 Nf6 26. f3 Qe7 27. Qd2 Bb8 28. Bxa5 bxa5
29. Nxa5 Qe6 30. Qc3 Bc7 31. Nc6 Ra8 32. a5 Rec8 33. Rb1 Bd8 34. Rbd1 Ne8 35.
Nxd8 Rxd8 36. b6 Rdb8 37. Ra1 Qc8 38. Rdd1 Qa6 39. Rdb1 Bg6 40. f4 f6 41. f5
Bf7 42. Bf1 Rb7 43. Bd3 g5 44. g4 Ng7 45. Kg3 Rbb8 46. Rb5 Be8 47. Rbb1 Bc6 48.
Bc2 Qb7 49. Qd3 Ne8 50. Kf3 Ra6 51. Ba4 Bxa4 52. Rxa4 Qc6 53. Raa1 Kf7 54. Qd5+
Qxd5 55. exd5 Rb7 56. Rb5 Ke7 57. e4 Kd7 58. Ke3 Kc8 59. h4 gxh4 60. Rh1 Rh7
61. Rxh4 Kb7 62. Kf3 Ng7 63. Kg3 Ra8 64. Rh1 h5 65. Rh2 Rhh8 66. gxh5 Nxh5+ 67.
Kf3 Rag8 68. Ra2 Ra8 0-1

[Event "Montcalm 4 2020-21 Online"]
[Site "Quebec CAN"]
[Date "2021.03.25"]
[Round "2"]
[White "Sauve, Richard"]
[Black "Bolduc, Steve"]
[Result "1/2-1/2"]
[WhiteElo "1935"]
[BlackElo "2225"]
[PlyCount "123"]
[EventDate "2021.03.18"]
[EventType "swiss"]
[EventRounds "5"]
[EventCountry "CAN"]

1. d4 d5 2. c4 e6 3. Nc3 c5 4. cxd5 exd5 5. Nf3 Nc6 6. g3 Nf6 7. Bg2 Be7 8. O-O
O-O 9. Bf4 c4 10. Ne5 Bf5 11. Nxc6 bxc6 12. Re1 Bb4 13. Rc1 Re8 14. Bd2 Rb8 15.
Bg5 h6 16. Bxf6 Qxf6 17. e4 Bxc3 18. e5 Rxb2 19. Rxc3 Qe7 20. Qa4 Qc7 21. Bxd5
Rd8 22. Qxc4 Qd7 23. Bxc6 Qxd4 24. Qxd4 Rxd4 25. Rf3 Bg4 26. Rb3 Rxa2 27. Be4
g6 28. Rd3 Rxd3 29. Bxd3 Be6 30. Rc1 Ra4 31. f4 a5 32. Bb5 Rb4 33. Bc6 a4 34.
Ra1 Bb3 35. Kf2 Rc4 36. Bd7 Rc7 37. Bb5 Rc5 38. Be2 f6 39. exf6 Kf7 40. Ke1
Kxf6 41. Bd1 Kf5 42. Bxb3 axb3 43. Rb1 Rb5 44. Rb2 Ke4 45. Kd2 Kd4 46. Kc1 Ke3
47. Kb1 h5 48. Rg2 b2 49. Rc2 Rb6 50. Rc5 Kf3 51. f5 gxf5 52. Rxf5+ Kg4 53.
Rf4+ Kg5 54. Rf2 Rb4 55. Rc2 Kg4 56. Rc5 Rb6 57. h3+ Kxh3 58. Rxh5+ Kxg3 59.
Rc5 Kf3 60. Rc2 Ke3 61. Rxb2 Rxb2+ 62. Kxb2 1/2-1/2

[Event "Montcalm 4 2020-21 Online"]
[Site "Quebec CAN"]
[Date "2021.03.25"]
[Round "2"]
[White "Servant, Michel"]
[Black "Labrecque, Rejean"]
[Result "0-1"]
[WhiteElo "1676"]
[BlackElo "1773"]
[PlyCount "86"]
[EventDate "2021.03.18"]
[EventType "swiss"]
[EventRounds "5"]
[EventCountry "CAN"]

1. c4 e5 2. Nc3 Nf6 3. g3 Bc5 4. Bg2 Nc6 5. e3 d6 6. Nge2 a6 7. O-O O-O 8. d4
exd4 9. exd4 Ba7 10. Bg5 h6 11. Be3 Ne7 12. Re1 Rb8 13. a4 Bd7 14. b4 Bc6 15.
d5 Bxe3 16. dxc6 Ba7 17. cxb7 c6 18. b5 Rxb7 19. bxc6 Rb4 20. Nd5 Rxc4 21.
Nxf6+ gxf6 22. Qd3 d5 23. Nf4 Rxc6 24. Nxd5 Nxd5 25. Bxd5 Rd6 26. Rad1 Kg7 27.
Qc4 Qd7 28. Re4 Rd8 29. Rg4+ Kf8 30. Rh4 Rxd5 31. Rxd5 Qxd5 32. Qxd5 Rxd5 33.
Rxh6 Kg7 34. Rh4 Rf5 35. Rf4 Rxf4 36. gxf4 Bb8 37. f5 Kh6 38. Kg2 Kg5 39. h3
Kxf5 40. Kf3 Bf4 41. h4 a5 42. h5 Bc1 43. Kg3 Kg5 0-1

[Event "Montcalm 4 2020-21 Online"]
[Site "Quebec CAN"]
[Date "2021.04.01"]
[Round "3"]
[White "Auger, Bertrand"]
[Black "Labrecque, Rejean"]
[Result "0-1"]
[WhiteElo "1909"]
[BlackElo "1773"]
[PlyCount "52"]
[EventDate "2021.03.18"]
[EventType "swiss"]
[EventRounds "5"]
[EventCountry "CAN"]

1. Nf3 Nf6 2. g3 g6 3. b4 Bg7 4. Bb2 O-O 5. Bg2 d5 6. O-O c6 7. d3 a5 8. a3
axb4 9. axb4 Rxa1 10. Bxa1 Na6 11. c3 Re8 12. Nbd2 e5 13. e4 dxe4 14. dxe4 Qc7
15. Qb1 b5 16. c4 bxc4 17. Nxc4 Nd7 18. Rc1 Bb7 19. Ne3 Qb6 20. Bc3 c5 21. Nc4
Qc7 22. Na5 cxb4 23. Bxb4 Qb6 24. Bd2 Qxb1 25. Rxb1 Bxe4 26. Rb4 Nxb4 0-1

[Event "Montcalm 4 2020-21 Online"]
[Site "Quebec CAN"]
[Date "2021.04.01"]
[Round "3"]
[White "Dumont, Eric"]
[Black "Genest, Dominic"]
[Result "1-0"]
[WhiteElo "1760"]
[BlackElo "1785"]
[PlyCount "49"]
[EventDate "2021.03.18"]
[EventType "swiss"]
[EventRounds "5"]
[EventCountry "CAN"]

1. d4 d5 2. Bf4 Bf5 3. e3 Nf6 4. Nf3 c5 5. c3 e6 6. Bb5+ Nbd7 7. Nbd2 a6 8.
Bxd7+ Nxd7 9. O-O Be7 10. Re1 O-O 11. e4 dxe4 12. Nxe4 cxd4 13. Qxd4 Nf6 14.
Nd6 Bxd6 15. Bxd6 Re8 16. Ne5 Ne4 17. Nc4 b5 18. f3 Nxc3 19. Ne3 Nxa2 20. Rxa2
Bg6 21. Raa1 Re7 22. Qc5 Rd7 23. Bg3 Rc8 24. Qb4 Qf6 25. Rxa6 1-0

[Event "Montcalm 4 2020-21 Online"]
[Site "Quebec CAN"]
[Date "2021.04.01"]
[Round "3"]
[White "Fecteau, Martin"]
[Black "Bolduc, Steve"]
[Result "0-1"]
[WhiteElo "1929"]
[BlackElo "2225"]
[PlyCount "66"]
[EventDate "2021.03.18"]
[EventType "swiss"]
[EventRounds "5"]
[EventCountry "CAN"]

1. d4 d5 2. c4 e6 3. Nc3 c5 4. cxd5 exd5 5. Nf3 Nc6 6. g3 Nf6 7. Bg2 Be7 8. O-O
O-O 9. Bf4 c4 10. Re1 Bf5 11. h3 Re8 12. g4 Bg6 13. Ne5 Bb4 14. Nxg6 hxg6 15.
Bg5 Qd6 16. Bxf6 gxf6 17. e3 Kg7 18. Qf3 Rad8 19. Red1 Bxc3 20. bxc3 Qa3 21.
Rdc1 b5 22. Qf4 b4 23. Qc7 Rc8 24. Qb7 bxc3 25. Bxd5 Ne7 26. Bg2 Rb8 27. Qc7
Rec8 28. Qf4 Rb2 29. e4 c2 30. g5 fxg5 31. Qe5+ f6 32. Qg3 Qxg3 33. fxg3 Rcb8
0-1

[Event "Montcalm 4 2020-21 Online"]
[Site "Quebec CAN"]
[Date "2021.04.01"]
[Round "3"]
[White "Marquis, Paul"]
[Black "Sauve, Richard"]
[Result "0-1"]
[WhiteElo "1946"]
[BlackElo "1935"]
[PlyCount "66"]
[EventDate "2021.03.18"]
[EventType "swiss"]
[EventRounds "5"]
[EventCountry "CAN"]

1. c4 e6 2. Nf3 d5 3. g3 Nf6 4. Bg2 Be7 5. O-O O-O 6. b3 c5 7. Bb2 Nc6 8. d3 d4
9. Nbd2 e5 10. Ne1 Be6 11. h3 Qd7 12. Kh2 h6 13. a3 Rad8 14. Ndf3 Bf5 15. Qd2
Rfe8 16. Rd1 Qe6 17. Nc2 a5 18. Nh4 Bh7 19. Bxc6 bxc6 20. Qxa5 e4 21. Ng2 Qd7
22. Qd2 exd3 23. exd3 Bf5 24. h4 Bd6 25. b4 Qc7 26. bxc5 Ng4+ 27. Kg1 Bxg3 28.
fxg3 Re2 29. Qf4 Qxf4 30. Rxf4 Rxc2 31. Rxd4 Rb8 32. Bc1 Rb1 33. Rf4 Rcxc1 0-1

[Event "Montcalm 4 2020-21 Online"]
[Site "Quebec CAN"]
[Date "2021.04.01"]
[Round "3"]
[White "Oliver, Vance"]
[Black "Servant, Michel"]
[Result "1-0"]
[WhiteElo "1650"]
[BlackElo "1676"]
[PlyCount "67"]
[EventDate "2021.03.18"]
[EventType "swiss"]
[EventRounds "5"]
[EventCountry "CAN"]

1. e4 c5 2. Nf3 e6 3. d3 Nc6 4. g3 Qc7 5. Bg2 Nf6 6. O-O Be7 7. Nbd2 Rb8 8. Re1
d6 9. c3 b5 10. Nf1 O-O 11. d4 cxd4 12. cxd4 Bb7 13. e5 dxe5 14. dxe5 Ng4 15.
Bf4 Bc5 16. Ne3 Nxe3 17. Bxe3 Bb4 18. Bd2 Rfd8 19. Qc2 Bxd2 20. Nxd2 Qa5 21.
Nb3 Qb6 22. a3 Rbc8 23. Qe2 a5 24. Rad1 a4 25. Nd2 Nd4 26. Qg4 Bxg2 27. Kxg2
Rc2 28. Nf3 Nxf3 29. Qxf3 Rxb2 30. Rxd8+ Qxd8 31. Rd1 Qe8 32. Rd6 Rb3 33. Qd1
Qa8+ 34. Kh3 1-0

[Event "Montcalm 4 2020-21 Online"]
[Site "Quebec CAN"]
[Date "2021.04.08"]
[Round "4"]
[White "Bolduc, Steve"]
[Black "Dumont, Eric"]
[Result "1-0"]
[WhiteElo "2225"]
[BlackElo "1760"]
[PlyCount "93"]
[EventDate "2021.03.18"]
[EventType "swiss"]
[EventRounds "5"]
[EventCountry "CAN"]

1. d4 d5 2. c4 c6 3. Nf3 Nf6 4. e3 g6 5. Nc3 Bg7 6. Be2 dxc4 7. Bxc4 O-O 8. Ne5
e6 9. O-O Nbd7 10. f4 Qc7 11. Bd2 b6 12. Rc1 Bb7 13. b4 Qd8 14. Qb3 Nxe5 15.
fxe5 Nd5 16. Ne4 Rc8 17. Nd6 Rc7 18. e4 b5 19. Be2 Nb6 20. Be3 Ba8 21. Bg4 Nc4
22. Nxc4 bxc4 23. Qxc4 Qh4 24. Bf3 Rcc8 25. g3 Qd8 26. a4 Bb7 27. Bg2 Qb6 28.
Rfe1 Qd8 29. Qc5 Qb6 30. Qc3 Qd8 31. Qd2 Ba6 32. Bg5 Qb6 33. Be7 Rfe8 34. Bc5
Qd8 35. Bd6 Qb6 36. Rc5 Qb7 37. Rec1 Qd7 38. Bh3 Bf8 39. Qf4 f5 40. exf5 exf5
41. Bxf8 Rxf8 42. Bg2 Bb7 43. Qe3 Rfe8 44. Qc3 Kg7 45. d5 Kf8 46. dxc6 Bxc6 47.
Bxc6 1-0

[Event "Montcalm 4 2020-21 Online"]
[Site "Quebec CAN"]
[Date "2021.04.08"]
[Round "4"]
[White "Fecteau, Martin"]
[Black "Sauve, Richard"]
[Result "1-0"]
[WhiteElo "1929"]
[BlackElo "1935"]
[PlyCount "75"]
[EventDate "2021.03.18"]
[EventType "swiss"]
[EventRounds "5"]
[EventCountry "CAN"]

1. d4 e6 2. c4 d5 3. cxd5 exd5 4. Nf3 Nf6 5. Bg5 h6 6. Bh4 Bb4+ 7. Nc3 g5 8.
Bg3 Ne4 9. Qb3 Nc6 10. e3 Nxg3 11. hxg3 Bg4 12. a3 Bxc3+ 13. Qxc3 Bxf3 14. gxf3
Qf6 15. Be2 O-O 16. f4 Kg7 17. Bd3 Qd6 18. fxg5 Rh8 19. gxh6+ Rxh6 20. Rxh6
Qxh6 21. O-O-O Rh8 22. Kb1 Qf6 23. Qe1 Ne7 24. Qe2 Kf8 25. f4 Nf5 26. g4 Nd6
27. g5 Qe6 28. Rf1 Rh3 29. Rf3 c6 30. f5 Rh1+ 31. Ka2 Qe7 32. Qg2 Rh8 33. f6
Qe6 34. g6 fxg6 35. Qxg6 Qf7 36. Qg3 Ne8 37. Bg6 Qc7 38. f7 1-0

[Event "Montcalm 4 2020-21 Online"]
[Site "Quebec CAN"]
[Date "2021.04.08"]
[Round "4"]
[White "Labrecque, Rejean"]
[Black "Genest, Dominic"]
[Result "0-1"]
[WhiteElo "1773"]
[BlackElo "1785"]
[PlyCount "111"]
[EventDate "2021.03.18"]
[EventType "swiss"]
[EventRounds "5"]
[EventCountry "CAN"]

1. d4 d5 2. c4 e6 3. Nf3 Nf6 4. e3 c6 5. Nc3 Nbd7 6. cxd5 exd5 7. a4 Bd6 8. Bd3
O-O 9. O-O Re8 10. Qc2 Nf8 11. h3 Ne6 12. b3 h6 13. Bb2 Nh5 14. Rae1 Ng5 15.
Qd1 Nxh3+ 16. gxh3 Bxh3 17. e4 Bxf1 18. Bxf1 dxe4 19. Nxe4 Bb4 20. Re3 Nf4 21.
Bg2 Nd5 22. Re2 Qd7 23. Ne5 Qc7 24. Qc1 Bd6 25. Nxd6 Qxd6 26. Bxd5 Qxd5 27. Re3
f6 28. Nf3 Rxe3 29. Qxe3 Kf7 30. Qd3 Re8 31. Bc1 Qe4 32. Qxe4 Rxe4 33. Be3 f5
34. Kf1 a6 35. Ne5+ Ke6 36. Nf3 g5 37. Nd2 Rh4 38. f3 Rh2 39. Bf2 g4 40. fxg4
fxg4 41. Ne4 b6 42. Ng3 h5 43. Ne4 Kf5 44. Kg1 Rh3 45. Nd6+ Kf4 46. b4 Ra3 47.
a5 bxa5 48. Nc4 Ra1+ 49. Kg2 axb4 50. d5 cxd5 51. Nb6 Ke4 52. Bh4 b3 53. Bf6
Ra2+ 54. Kg3 b2 55. Na4 Rxa4 56. Bxb2 0-1

[Event "Montcalm 4 2020-21 Online"]
[Site "Quebec CAN"]
[Date "2021.04.08"]
[Round "4"]
[White "Oliver, Vance"]
[Black "Marquis, Paul"]
[Result "0-1"]
[WhiteElo "1650"]
[BlackElo "1946"]
[PlyCount "90"]
[EventDate "2021.03.18"]
[EventType "swiss"]
[EventRounds "5"]
[EventCountry "CAN"]

1. e4 e6 2. d4 d5 3. Nd2 Nf6 4. e5 Nfd7 5. Bd3 c5 6. c3 Nc6 7. Ngf3 Qb6 8. O-O
cxd4 9. cxd4 Be7 10. Nb3 a5 11. Be3 h6 12. h3 a4 13. Nc5 Nxc5 14. dxc5 Bxc5 15.
Bxc5 Qxc5 16. Rc1 Qa5 17. Qe2 O-O 18. Rc3 Bd7 19. Rfc1 Nb4 20. Rc5 Qb6 21. Bb1
Rac8 22. Rxc8 Rxc8 23. Rxc8+ Bxc8 24. a3 Qa6 25. Qd2 Nc6 26. Qc2 g6 27. Qd2 Kg7
28. Qf4 Bd7 29. Qf6+ Kg8 30. Bxg6 Be8 31. Bc2 Qc4 32. Bf5 Qc1+ 33. Kh2 Qf4+ 34.
Kg1 Qxf5 35. Qxh6 Nxe5 36. Nh4 Qb1+ 37. Kh2 Qxb2 38. f4 Ng6 39. Qg5 Qg7 40. Nf3
f6 41. Qg3 Ne7 42. Qe1 Bd7 43. Nd4 e5 44. fxe5 fxe5 45. Nf3 e4 0-1

[Event "Montcalm 4 2020-21 Online"]
[Site "Quebec CAN"]
[Date "2021.04.08"]
[Round "4"]
[White "Servant, Michel"]
[Black "Auger, Bertrand"]
[Result "1/2-1/2"]
[WhiteElo "1676"]
[BlackElo "1909"]
[PlyCount "87"]
[EventDate "2021.03.18"]
[EventType "swiss"]
[EventRounds "5"]
[EventCountry "CAN"]

1. c4 Nf6 2. Nc3 g6 3. g3 Bg7 4. Bg2 c5 5. e3 O-O 6. Nge2 Nc6 7. Rb1 d6 8. d4
cxd4 9. Nxd4 Bg4 10. Qd2 Qc8 11. h3 Bd7 12. b3 Nxd4 13. exd4 Bf5 14. Rb2 h5 15.
Qg5 e5 16. Nd5 Nxd5 17. Bxd5 Be6 18. Bxe6 Qxe6 19. d5 Qe8 20. Re2 f5 21. Ba3
Rd8 22. O-O Bf6 23. Qe3 b6 24. Rd1 Qd7 25. Kg2 Qg7 26. b4 g5 27. c5 f4 28. Qb3
g4 29. hxg4 hxg4 30. Re4 f3+ 31. Kf1 Bg5 32. Rxg4 Qh6 33. Rxg5+ Qxg5 34. Qd3
Qh5 35. Ke1 bxc5 36. bxc5 e4 37. Qe3 dxc5 38. Bxc5 Rxd5 39. Rxd5 Qxd5 40. Bxf8
Kxf8 41. Qh6+ Kf7 42. Qh7+ Kf8 43. Qh8+ Kf7 44. Qh7+ 1/2-1/2